000 01170cam a2200289 a 4500
001 1671294
003 ARRUPE
005 20150130105341.0
008 980821s1999 mau b 000 0 eng
010 _a 98031144
020 _a0631211845 (alk. paper)
020 _a0631211853 (pbk. : alk. paper)
040 _aDLC
_cDLC
_dDLC
050 0 0 _aB105.B64
_b 1999
082 0 0 _a128/.6
_221
245 0 4 _aThe body :
_bclassic and contemporary readings /
_cedited and introduced by Donn Welton.
260 _aMalden, Mass. :
_bBlackwell,
_c1999.
300 _axi, 375 p. ;
_c25 cm.
440 0 _aBlackwell readings in Continental philosophy
_914555
504 _aIncludes bibliographical references.
650 0 _aHuman body (Philosophy)
_914556
700 1 _aWelton, Donn.
_914557
856 4 _3Table of Contents
_uhttp://lcweb.loc.gov/catdir/toc/98031144.html
906 _a7
_bcbc
_corignew
_d1
_eocip
_f19
_gy-gencatlg
942 _2lcc
_cMONOGRAPH
999 _c121874
_d121874